000 00472nam a2200121Ia 4500
008 220620s9999||||xx |||||||||||||| ||und||
100 _aJeevan K. Prasain
245 0 _aTandem Mass Spectrometry - Applications and Principles
546 _aEnglish[eng]
650 _aPhysical Sciences||Engineering and Technology||Chemistry||Analytical Chemistry||Spectrometry
856 _uhttps://www.intechopen.com/books/tandem-mass-spectrometry-applications-and-principles
942 _cEB
999 _c27413
_d27413